000 00438nam a2200169Ia 4500
008 230524s9999 xx 000 0 und d
020 _a9780070581593
082 _a4.6
_bSEN
100 _aSubroto Sengupta
_933044
245 0 _aBrand Positioning (Strategic for Competitive Advantage)
250 _a2ND
260 _aNEW DELHI
_bTMH
_c2009
300 _aXIV;299
500 _aQuantity Number: 1
650 _aManagement
942 _cBK
999 _c46550
_d46550